Մարտին Լութեր: (Record no. 52287)
[ view plain ]
| 000 -LEADER | |
|---|---|
| fixed length control field | 01024nam a22002297a 4500 |
| 003 - CONTROL NUMBER IDENTIFIER | |
| control field | SEM |
| 005 - DATE AND TIME OF LATEST TRANSACTION | |
| control field | 20220608072135.0 |
| 008 - FIXED-LENGTH DATA ELEMENTS--GENERAL INFORMATION | |
| fixed length control field | 170503b xxu||||| |||| 00| 0 arm |
| 040 ## - CATALOGING SOURCE | |
| Original cataloging agency | |
| Transcribing agency | |
| 041 0# - LANGUAGE CODE | |
| Language code of text/sound track or separate title | arm. |
| 100 1# - MAIN ENTRY--PERSONAL NAME | |
| Personal name | Գլնճեան Յակոբ |
| Titles and words associated with a name | Արքեպիսկոպոս |
| Fuller form of name | (Գլնճյան Հակոբ) |
| 245 10 - TITLE STATEMENT | |
| Title | Մարտին Լութեր: |
| Remainder of title | Մի բարեպաշտ վանականի ըմբոստութիւնը: / |
| Statement of responsibility, etc. | Յ. Գլնճեան |
| 246 ## - VARYING FORM OF TITLE | |
| Title proper/short title | [Մարտին Լութեր: |
| Remainder of title | Մի բարեպաշտ վանականի ըմբոստությունը:] |
| 250 ## - EDITION STATEMENT | |
| Edition statement | Երկրորդ հրատ., |
| Remainder of edition statement | բարեփոխուծ |
| 260 ## - PUBLICATION, DISTRIBUTION, ETC. | |
| Place of publication, distribution, etc. | Մօնտէվիդէօ: |
| -- | [Մոնտեվիդեո]: |
| Name of publisher, distributor, etc. | Grafic plus LTD, |
| Date of publication, distribution, etc. | 2013. |
| 300 ## - PHYSICAL DESCRIPTION | |
| Extent | 579 էջ; |
| Other physical details | նկ.; |
| Dimensions | 24 սմ. |
| 504 ## - BIBLIOGRAPHY, ETC. NOTE | |
| Bibliography, etc. note | Օգտ. գրակ.` էջ 572-575 |
| 600 1# - SUBJECT ADDED ENTRY--PERSONAL NAME | |
| Personal name | Լյութեր Մարտին |
| Dates associated with a name | 1483-1546 թթ. |
| 650 ## - SUBJECT ADDED ENTRY--TOPICAL TERM | |
| Topical term or geographic name entry element | Լյութերականություն |
| General subdivision | գործիչներ |
| 650 ## - SUBJECT ADDED ENTRY--TOPICAL TERM | |
| Topical term or geographic name entry element | Բողոքականություն |
| General subdivision | գործիչներ |
| 942 ## - ADDED ENTRY ELEMENTS (KOHA) | |
| Source of classification or shelving scheme | Universal Decimal Classification |
| Koha item type | Գրքեր/Books |
| Withdrawn status | Lost status | Source of classification or shelving scheme | Damaged status | Not for loan | Collection code | Home library | Current library | Date acquired | Cost, normal purchase price | Inventory number | Total Checkouts | Full call number | Barcode | Date last seen | Date last checked out | Price effective from | Koha item type | Public note |
|---|---|---|---|---|---|---|---|---|---|---|---|---|---|---|---|---|---|---|
| Universal Decimal Classification | Գրապահոց | Մայր Աթոռ Սուրբ Էջմիածին «Վաչե և Թամար Մանուկյան» Մատենադարան | Մայր Աթոռ Սուրբ Էջմիածին «Վաչե և Թամար Մանուկյան» Մատենադարան | 03/05/2017 | 8000.00 | 23220 | 1 | 284.1(092)/Լ-88Գ | 23220 | 03/05/2017 | 17/03/2017 | 08/06/2022 | Գրքեր/Books | Սպասարկվում է ընթերցասրահ | ||||
| Universal Decimal Classification | Գրապահոց | Մայր Աթոռ Սուրբ Էջմիածին «Վաչե և Թամար Մանուկյան» Մատենադարան | Մայր Աթոռ Սուրբ Էջմիածին «Վաչե և Թամար Մանուկյան» Մատենադարան | 03/05/2017 | 8000.00 | 23221 | 284.1(092)/Լ-88Գ | 23221 | 16/11/2014 | 08/06/2022 | Գրքեր/Books | Սպասարկվում է ընթերցասրահ |